Countries the US has bombed - Statistics

General Stats
  • This quiz has been taken 79 times
  • The average score is 21 of 30
Answers on the Map
Answers color-coded by a green-red scale on the quiz's map according to % correct below.
 
Answer Stats
Answer % Correct
Iran
100%
Iraq
97%
Afghanistan
95%
Syria
94%
Vietnam
92%
Pakistan
91%
Venezuela
89%
Yemen
85%
Cuba
83%
Libya
83%
North Korea
82%
Laos
78%
Lebanon
78%
Cambodia
77%
Somalia
77%
China
75%
Panama
72%
Sudan
69%
Serbia
68%
Kuwait
66%
Nicaragua
60%
Bosnia
57%
Nigeria
55%
Indonesia
49%
Congo
48%
Guatemala
48%
El Salvador
45%
Peru
43%
Grenada
40%
Palestine
18%
No matching quizzes found
Score Distribution
Percent of People with Each Score
Percentile by Number Answered
Your Score History
You have not taken this quiz